TRAIN TO PAKISTAN 1956 2006 (Record no. 4494)

MARC details
000 -LEADER
fixed length control field 00382nam a2200145Ia 4500
008 - FIXED-LENGTH DATA ELEMENTS--GENERAL INFORMATION
fixed length control field 240624s9999 xx 000 0 und d
041 ## - LANGUAGE CODE
Language code of text/sound track or separate title eng
082 ## - DEWEY DECIMAL CLASSIFICATION NUMBER
Classification number 828 SIN
100 ## - MAIN ENTRY--PERSONAL NAME
Personal name SINGH KHUSHWANT
245 ## - TITLE STATEMENT
Title TRAIN TO PAKISTAN 1956 2006
250 ## - EDITION STATEMENT
Edition statement (50th (Anniv. Edn) ed.)
260 ## - PUBLICATION, DISTRIBUTION, ETC.
Date of publication, distribution, etc. 2006
Place of publication, distribution, etc. New Delhi
Name of publisher, distributor, etc. Lotus Roli Books
300 ## - PHYSICAL DESCRIPTION
Extent xxv, : 263 : p. : cm. ; 25
365 ## - TRADE PRICE
Currency code RS
Price amount 20
Holdings
Withdrawn status Lost status Damaged status Not for loan Home library Current library Shelving location Date acquired Source of acquisition Cost, normal purchase price Total Holds Full call number Barcode Date last seen Copy number Price effective from Koha item type
        IMTN IMTN Rack 43-A 01/29/2007 WBD 495.00 859 828 SIN 4494 06/24/2024 1 06/24/2024 Books
Designed & Maintained by: LRC IMT Nagpur Contact: lrc@imtnag.ac.in© 2024. All Rights Reserved.